Análisis científico del caso de los refugiados salvadoreños

Guardat en:
Dades bibliogràfiques
Autor corporatiu: UNA. Instituto de Derechos del Hombre
Format: Text
Publicat: s.l :
Etiquetes: Afegir etiqueta
Sense etiquetes, Sigues el primer a etiquetar aquest registre!

MARC

LEADER 00000 a a2200000 04500
001 15411
003
040 |a CRAI/IIS  |c CRAI/IIS 
090 |a EXTRAVIADO  
110 |a UNA. Instituto de Derechos del Hombre  
245 |a Análisis científico del caso de los refugiados salvadoreños  
260 |a s.l :  
300 |a 2 p.  
999 |c 6425  |d 6425